000 00388nam a2200169Ia 4500
003 0100
008 130303s9999 xx 000 0 und d
040 _cARRUPELIB
050 _aLC71.D81959
100 _aDubay, Thomas
245 _aPhilosophy of the state as educator
260 _aMilwaukee
260 _bThe Bruce Publishing Co.
260 _C1959
300 _a237p
942 0 0 _01
999 _c48136
_d48136